Countries Colonized by the British Empire that don't speak English - Statistics

General Stats
  • This quiz has been taken 43 times
    7 since last reset
  • The average score is 16 of 17
Answer Stats
Independence Country % Correct
1971 Bahrain
100%
1960 Cyprus
100%
1922 Egypt
100%
1932 Iraq
100%
1948/1988 Israel/Palestine
100%
1946 Jordan
100%
1961 Kuwait
100%
1948 Myanmar
100%
1971 Qatar
100%
1967 (partial) Yemen
100%
1971 Bangladesh
83%
1984 Brunei
83%
1957 Malaysia
83%
1965 Maldives
83%
1951 Oman
83%
1971 United Arab Emirates
83%
1901 Australia
67%
No matching quizzes found
Score Distribution
Percent of People with Each Score
Percentile by Number Answered
Your Score History
You have not taken this quiz since the last reset